Statistics for Brazilian Diaspora - Top 10 Countries

Click here to take the quiz!

General Stats

  • This quiz has been taken 162 times
  • The average score is 7 of 10

Answer Stats

#Country% Correct
1,100,000United States
99%
140,426Portugal
96%
128,238Spain
92%
80,000France
87%
85,000Italy
85%
210,032Japan
81%
95,000Germany
79%
201,527Paraguay
54%
44,000Switzerland
34%
200,000United Kingdom
17%

Score Distribution

Percentile by Number Answered

Percent of People with Each Score

Your Score History

You have not taken this quiz